Environment, mood disorders and suicide (Record no. 59276)
[ view plain ]
| 000 -LEADER | |
|---|---|
| fixed length control field | 02051nam a2200361 a 4500 |
| 082 04 - DEWEY DECIMAL CLASSIFICATION NUMBER | |
| Classification number | 616.85/27 |
| 245 00 - TITLE STATEMENT | |
| Title | Environment, mood disorders and suicide |
| 260 ## - PUBLICATION, DISTRIBUTION, ETC. (IMPRINT) | |
| Place of publication | Hauppauge, N.Y. : |
| Name of publisher | Nova Science Publishers, |
| Year of publication | 2011. |
| 300 ## - PHYSICAL DESCRIPTION | |
| Number of Pages | x, 504 p. : |
| Other physical details | ill. |
| 490 1# - SERIES STATEMENT | |
| Series statement | Health and human development |
| 505 0# - FORMATTED CONTENTS NOTE | |
| Formatted contents note | section 1. The physico-chemical environment -- section 2. The environment of the body -- section 3. The temporal environment -- section 4. The perinatal hormonal-immune environment -- section 5. The biological environment -- section 6. The social environment : correctional setting -- section 7. The cultural environment -- section 8. The work place : a comprehensive environmental perspective -- section 9. The electrical environment of the brain -- section 10. The "environment of the mind" -- section 11. The hospital environment -- section 12. Conclusion : policy, research and clinical considerations -- section 13. Acknowledgments. |
| 650 #0 - SUBJECT ADDED ENTRY--TOPICAL TERM | |
| Topical Term | Affective disorders |
| Topical Term | Suicide |
| 700 1# - ADDED ENTRY--PERSONAL NAME | |
| Personal name | Postolache, Teodor T. |
| Personal name | Merrick, Joav, |
| 856 40 - ELECTRONIC LOCATION AND ACCESS | |
| Uniform Resource Identifier | http://site.ebrary.com/lib/rucke/Doc?id=10677572 |
No items available.
